| 000 | 00369cam a22001217a 4500 | ||
|---|---|---|---|
| 008 | 180718b1960 xxu||||| |||| 00| 0 eng d | ||
| 082 | _aA99 C949/M852 | ||
| 100 | _aMosley, Leonard | ||
| 245 |
_aCurzon:the end of an epoch _cby Leonard Mosley |
||
| 260 |
_aLondon _bLongmans _c1960 |
||
| 300 | _axv,301p. | ||
| 650 | _aCurzon, George Nathaniel Curzon, Marquis of, 1859-1925. | ||
| 999 |
_c414438 _d414438 |
||